| 000 | 00592nam a22002053a 4500 | ||
|---|---|---|---|
| 005 | 20240514063727.0 | ||
| 008 | 011004s1999 es r 000 0 spa d | ||
| 020 | _a8487943705 | ||
| 035 | _aUPN01000112593 | ||
| 049 | _aCG | ||
| 050 | 4 |
_aB2430 R5.53 _bJ8.78 |
|
| 100 | 1 |
_aRicoeur, Paul, _d1913-2005 _929447 |
|
| 245 | 1 | 0 |
_aLo justo / _cPaul Ricoeur ; introd. y tr. de Agustín Domingo Moratalla. |
| 260 |
_aMadrid : _bCaparrós, _cc1999. |
||
| 300 | _a208 p. | ||
| 440 | 0 |
_aEsprit ; _v34 |
|
| 650 | 4 |
_aJusticia (Filosofía) _917526 |
|
| 650 | 4 |
_aDerecho _xFilosofía _99941 |
|
| 905 | _aLibro | ||
| 999 |
_c86501 _d86501 |
||